书目信息 |
| 题名: |
科学年鉴
|
|
| 作者: | 诺尔特 , Nault 编 | |
| 分册: | 1982 | |
| 出版信息: | 北京 科学出版社 1984 |
|
| 页数: | 230页 | |
| 开本: | 25cm | |
| 丛书名: | ||
| 单 册: | ||
| 中图分类: | N54 | |
| 科图分类: | ||
| 主题词: | 自然科学--1982--年鉴 | |
| 电子资源: | ||
| ISBN: | ||
| 000 | 00687nam0 2200253 45 | |
| 001 | 0184002605 | |
| 005 | 20040923153927.6 | |
| 010 | @dCNY1.90 | |
| 091 | @a13031.2638 | |
| 100 | @a19950420d1984 em y0chiy0121 ea | |
| 101 | 1 | @achi@ceng |
| 102 | @aCN@b110000 | |
| 105 | @ay z 000yy | |
| 106 | @ar | |
| 200 | 10 | @a科学年鉴@Ake xue nian jian@h1982@f(美)诺尔特(W.H.Nault)编 |
| 210 | @a北京@c科学出版社@d1984 | |
| 215 | @a230页@d25cm | |
| 606 | @a自然科学@z1982@x年鉴 | |
| 690 | @aN54@v3 | |
| 701 | 1 | @a诺尔特@Anuo er te@bW.H.@f美@4编 |
| 701 | A1 | @aNault@bW.H.@f美@4编 |
| 801 | 0 | @aCN@b上海图书馆@c20040923 |
| 801 | 2 | @aCN@bNLC@c20040923 |
| 905 | @f1@b204616@dN54@e120:(1982) | |
| 科学年鉴.1982/(美)诺尔特(W.H.Nault)编.-北京:科学出版社,1984 |
| 230页;25cm |
| ISBN :CNY1.90 |
| ● |
| 相关链接 |
|
|
|
|
正题名:科学年鉴
索取号:N54/120:(1982)
 
预约/预借
| 序号 | 登录号 | 条形码 | 馆藏地/架位号 | 状态 | 备注 |
| 1 | 0204616 | 001961933 | 第三借阅区/ [索取号:N54/120:(1982)] | 在馆 |